Países olvidados en Jetpunk - Mapa - Estadísticas

Estadísticas generales
  • Esta prueba ha sido intentada 30 veces
  • La puntuación promedio es 17 de 23
Respuestas en el mapa
Las respuestas están codificadas por una escala verde-roja en el mapa de la prueba según el % correcto abajo.
 
Estadísticas de respuestas
% de adivinación Respuesta % Correcto
25 Islas Marshall
93%
20 Tuvalu
93%
23 Islas Salomón
87%
20 Kiribati
83%
20 Santo Tomé y Príncipe
83%
21 Tonga
83%
18 Comoras
80%
17 Nauru
80%
20 Samoa
80%
22 San Cristóbal y Nieves
80%
24 San Vicente y las Granadinas
80%
21 Brunéi
77%
20 Palaos
77%
18 Timor Oriental
77%
24 Seychelles
73%
19 Vanuatu
73%
23 Esuatini
70%
22 Baréin
63%
23 Burundi
63%
20 Yibuti
60%
25 Gambia
53%
23 Malaui
53%
24 Benín
50%
No se encontraron pruebas coincidentes
Distribución de puntuación
Porcentaje de gente con cada puntuación
Porcentaje por número respondido
Historial de tus puntuaciones
No has intentado esta prueba.